000 01181nam a22003257a 4500
003 CHAP
005 20220329143158.0
008 061113d2005 mx r 00110 spa d
010 _a92976
011 _a93948
035 _a104531
040 _cCHAP
082 0 4 _a361.972
_bR4
100 1 _aReygadas Robles Gil, Rafaél.
_997039
245 1 0 _aConociendo la ley de fomento :
_bhacia el fortalecimiento de las organizaciones civiles
_c/por Rafaél Reygadas Robles Gil y Carlos Zarco Mera
260 _aMéxico, D. F. :
_bCentro Internacional de Derechos Humanos y Desarrollo Democrático,
_c2005.
300 _a104 p.
590 _aBATCH-UPD
_b10
_c20130110
_lUCH01
_h1611
590 _aBATCH-UPD
_b10
_c20130410
_lUCH01
_h1006
590 _aBATCH-UPD
_b10
_c20130914
_lUCH01
_h1143
590 _aCONVERSION
_b10
_c20130109
_lUCH01
_h1351
650 1 4 _aDerecho civil.
_931881
650 1 4 _aOrganizaciones civiles.
_983531
700 1 _aZarco Mera, Carlos
_9123710
901 _aBK
905 _aLilia
942 _cLIBRO
949 _a361.972 R4
_bBC
_cLIBRO
_d33724002000421
_eLIBRO
_fc.2
_h108401
_i104531
_sb
949 _a361.972 R4
_bBC
_cLIBRO
_d33724002000462
_eLIBRO
_h108400
_i104531
_sb
999 _c92976
_d92976